15 Plus Grandes Péninsules Du Monde - Statistiques

Statistiques générales
  • Ce quiz a été pris 138 fois
  • Le résultat moyen est 6 sur 16
Statistiques - réponses
Superficie Péninsule % Correct
582 000 km² Ibérique
87%
3 237 500 km² Arabie
61%
220 848 km² Corée
56%
1 938 743 km² Indochine
56%
131 335 km² Italie
49%
270 000 km² Kamtchatka
43%
750 000 km² Scandinavie
43%
170 305 km² Floride
39%
1 500 000 km² Alaska
38%
666 700 km² Balkans
38%
1 882 856 km² Corne de l’Afrique
34%
143 389 km² Basse-Californie
33%
755 688 km² Anatolie
26%
1 400 000 km² Labrador
24%
2 071 990 km² Deccan
9%
104 019 km² Péninsule inférieure du Michigan
8%
Aucun quiz correspondant
Distribution des résultats
% des personnes avec chaque résultat
Percentile par nombre de réponses
Votre historique - résultats
Vous n’avez pas pris ce quiz